Computational Aspects of Structural Acoustics and Vibration

Computational methods within structural acoustics, vibration and fluid-structure interaction are powerful tools for investigating acoustic and structural-acoustic problems in many sectors of industry; in the building industry regarding room acoustics, in the car industry and aeronautical industry fo...

Full description

Bibliographic Details
Corporate Author: SpringerLink (Online service)
Other Authors: Sandberg, Göran (Editor), Ohayon, Roger (Editor)
Format: Electronic eBook
Language:English
Published: Vienna : Springer Vienna, 2009.
Series:CISM International Centre for Mechanical Sciences, 505
Subjects:
Online Access:Full Text via HEAL-Link
LEADER 03194nam a22004935i 4500
001 978-3-211-89651-8
003 DE-He213
005 20151030021528.0
007 cr nn 008mamaa
008 100301s2009 au | s |||| 0|eng d
020 |a 9783211896518  |9 978-3-211-89651-8 
024 7 |a 10.1007/978-3-211-89651-8  |2 doi 
040 |d GrThAP 
050 4 |a TA355 
050 4 |a TA352-356 
072 7 |a TGMD4  |2 bicssc 
072 7 |a TEC009070  |2 bisacsh 
072 7 |a SCI018000  |2 bisacsh 
082 0 4 |a 620  |2 23 
245 1 0 |a Computational Aspects of Structural Acoustics and Vibration  |h [electronic resource] /  |c edited by Göran Sandberg, Roger Ohayon. 
264 1 |a Vienna :  |b Springer Vienna,  |c 2009. 
300 |a VII, 276 p.  |b online resource. 
336 |a text  |b txt  |2 rdacontent 
337 |a computer  |b c  |2 rdamedia 
338 |a online resource  |b cr  |2 rdacarrier 
347 |a text file  |b PDF  |2 rda 
490 1 |a CISM International Centre for Mechanical Sciences,  |x 0254-1971 ;  |v 505 
505 0 |a Variational Formulations of Interior Structural-Acoustic Vibration Problems -- Fundamentals of Fluid-Structure Interaction -- Sound in Vibrating Cabins: Physical Effects, Mathematical Formulation, Computational Simulation with FEM -- Model Based Partitioned Simulation of Coupled Systems -- On Topological Design Optimization of Structures Against Vibration and Noise Emission. 
520 |a Computational methods within structural acoustics, vibration and fluid-structure interaction are powerful tools for investigating acoustic and structural-acoustic problems in many sectors of industry; in the building industry regarding room acoustics, in the car industry and aeronautical industry for optimizing structural components with regard to vibrations characteristics etc. It is on the verge of becoming a common tool for noise characterization and design for optimizing structural properties and geometries in order to accomplish a desired acoustic environment. The book covers the field of computational mechanics, and then moved into the field of formulations of multiphysics and multiscale. The book is addressed to graduate level, PhD students and young researchers interested in structural dynamics, vibrations and acoustics. It is also suitable for industrial researchers in mechanical, aeronautical and civil engineering with a professional interest in structural dynamics, vibrations and acoustics or involved in questions regarding noise characterization and reduction in building, car, plane, space, train, industries by means of computer simulations. 
650 0 |a Engineering. 
650 0 |a Vibration. 
650 0 |a Dynamical systems. 
650 0 |a Dynamics. 
650 1 4 |a Engineering. 
650 2 4 |a Vibration, Dynamical Systems, Control. 
700 1 |a Sandberg, Göran.  |e editor. 
700 1 |a Ohayon, Roger.  |e editor. 
710 2 |a SpringerLink (Online service) 
773 0 |t Springer eBooks 
776 0 8 |i Printed edition:  |z 9783211896501 
830 0 |a CISM International Centre for Mechanical Sciences,  |x 0254-1971 ;  |v 505 
856 4 0 |u http://dx.doi.org/10.1007/978-3-211-89651-8  |z Full Text via HEAL-Link 
912 |a ZDB-2-ENG 
950 |a Engineering (Springer-11647)